NARNİA GÜNLÜKLERİ (Record no. 1094803)

MARC details
000 -LEADER
sabit uzunluktaki kontrol alanı 00246nam a2200097Ia 4500
001 - KONTROL NUMARASI
kontrol alanı 1094803
005 - EN SON İŞLEMİN TARİH VE ZAMANI
kontrol alanı 20250827003003.0
008 - SABİT-UZUNLUKTA VERİ ÖĞELERİ--GENEL BİLGİ
sabit uzunluktaki kontrol alanı 250824s9999 xx 000 0 und d
245 #0 - ESER / YAZAR
ESER ADI NARNİA GÜNLÜKLERİ
Yazar Adı C.S. LEWİS
260 ## - YAYIN, DAĞITIM, VB.
YAYIN EVİ DOĞAN YAYINCILIK
Holdings
Düşüm durumu Kayıp durumu Hasar Durumu Ödünç verilmez Ana kütüphane Geçerli Kütüphane Edinilen tarih Toplam ödünç verme sayısı Barkod Son görüntüleme tarihi Son ödünç verme tarihi Fiyatın geçerli olmaya başladığı tarih Koha materyal türü
        BOSNA HERSEK ANADOLU İMAM HATİP LİSESİ BOSNA HERSEK ANADOLU İMAM HATİP LİSESİ 24.08.2025 1 10357380 25.09.2025 25.09.2025 27.08.2025 Books